Fruit Culture in India (Record no. 18829)
[ view plain ]
| 000 -LEADER | |
|---|---|
| fixed length control field | 00235nam a22001097a 4500 |
| 003 - CONTROL NUMBER IDENTIFIER | |
| control field | OSt |
| 008 - FIXED-LENGTH DATA ELEMENTS--GENERAL INFORMATION | |
| fixed length control field | 250101b |||||||| |||| 00| 0 eng d |
| 041 ## - LANGUAGE CODE | |
| Language code of text/sound track or separate title | eng |
| 100 ## - MAIN ENTRY--AUTHOR NAME | |
| Personal name | Sham Singh |
| 245 ## - TITLE STATEMENT | |
| Title | Fruit Culture in India |
| 942 ## - ADDED ENTRY ELEMENTS (KOHA) | |
| Koha item type | Books |
| Withdrawn status | Lost status | Damaged status | Home library | Current library | Date acquired | Accession Number | Koha item type |
|---|---|---|---|---|---|---|---|
| Withdrawn | KAUAET | KAUAET | 01/01/2025 | 12593 | Books |
